00663nam a2200193 a 4500008004100000020002200041100001900063245016400082260002900246300003500275504005100310650001900361650002100380700001900401700002200420003000100442005001700443040000900460  a0340677147 (pbk.)1 aAtkins, Peter.10aPeople, Land and time :ban historical introduction to the relations between landscape, culture and environment /cPeter Atkins, Ian Simmons and Brian Roberts. aLondon :bArnold,c1998. axvii, 286 p. :bill. ;c25 cm. aIncludes bibliographical references and index. 0aHuman ecology. 0aHuman geography.1 aSimmons, I. G.1 aRoberts, Brian K.20230123133300.0 cNUST